緊急地震速報で用いられる区域の名称 - Statistics

General Stats
  • This quiz has been taken 256 times
  • The average score is 84 of 188
Answer Stats
Hint Answer % Correct
宮城県 宮城県北部
80%
栃木県 栃木県北部
80%
宮城県 宮城県南部
79%
茨城県 茨城県北部
79%
茨城県 茨城県南部
78%
栃木県 栃木県南部
78%
群馬県 群馬県北部
78%
埼玉県 埼玉県北部
78%
和歌山県 和歌山県北部
78%
群馬県 群馬県南部
77%
千葉県 千葉県南部
77%
三重県 三重県北部
77%
滋賀県 滋賀県北部
77%
京都府 京都府北部
77%
京都府 京都府南部
77%
大阪府 大阪府北部
77%
大阪府 大阪府南部
77%
兵庫県 兵庫県北部
77%
和歌山県 和歌山県南部
77%
岡山県 岡山県北部
77%
広島県 広島県北部
77%
山口県 山口県北部
77%
宮城県 宮城県中部
76%
埼玉県 埼玉県南部
76%
神奈川県 神奈川県東部
76%
神奈川県 神奈川県西部
76%
富山県 富山県西部
76%
長野県 長野県北部
76%
静岡県 静岡県東部
76%
愛知県 愛知県西部
76%
三重県 三重県南部
76%
滋賀県 滋賀県南部
76%
岡山県 岡山県南部
76%
徳島県 徳島県北部
76%
佐賀県 佐賀県北部
76%
長崎県 長崎県北部
76%
鳥取県 鳥取県東部
76%
富山県 富山県東部
75%
長野県 長野県南部
75%
静岡県 静岡県西部
75%
愛知県 愛知県東部
75%
鳥取県 鳥取県西部
75%
島根県 島根県東部
75%
島根県 島根県西部
75%
山口県 山口県東部
75%
山口県 山口県西部
75%
徳島県 徳島県南部
75%
高知県 高知県東部
75%
高知県 高知県西部
75%
佐賀県 佐賀県南部
75%
長崎県 長崎県南部
75%
大分県 大分県北部
75%
香川県 香川県東部
74%
香川県 香川県西部
74%
大分県 大分県南部
74%
長野県 長野県中部
73%
静岡県 静岡県中部
73%
三重県 三重県中部
73%
鳥取県 鳥取県中部
73%
高知県 高知県中部
73%
山口県 山口県中部
72%
大分県 大分県西部
72%
大分県 大分県中部
71%
福島県 福島県浜通り
68%
福島県 福島県中通り
67%
石川県 石川県能登
65%
福島県 福島県会津
64%
静岡県 静岡県伊豆
62%
新潟県 新潟県上越
59%
新潟県 新潟県中越
58%
新潟県 新潟県佐渡
57%
東京都 小笠原
56%
奈良県 奈良県
56%
新潟県 新潟県下越
55%
石川県 石川県加賀
54%
岐阜県 岐阜県飛騨
53%
長崎県 長崎県対馬
52%
千葉県 千葉県北東部
51%
千葉県 千葉県北西部
51%
東京都 東京都23区
51%
熊本県 熊本県阿蘇
50%
長崎県 長崎県五島
49%
埼玉県 埼玉県秩父
48%
山形県 山形県庄内
47%
兵庫県 兵庫県南西部
47%
兵庫県 兵庫県淡路島
47%
島根県 島根県隠岐
47%
兵庫県 兵庫県南東部
46%
広島県 広島県南東部
46%
広島県 広島県南西部
46%
長崎県 長崎県壱岐
46%
福岡県 福岡県北九州
45%
鹿児島県 鹿児島県薩摩
45%
沖縄県 沖縄県石垣島
45%
福岡県 福岡県福岡
44%
沖縄県 沖縄県宮古島
44%
熊本県 熊本県熊本
42%
鹿児島県 鹿児島県種子島
42%
青森県 青森県下北
41%
東京都 八丈島
41%
福井県 福井県嶺北
41%
福井県 福井県嶺南
41%
鹿児島県 鹿児島県屋久島
41%
沖縄県 沖縄県与那国島
41%
鹿児島県 鹿児島県大隅
39%
東京都 伊豆大島
37%
福岡県 福岡県筑後
37%
東京都 東京都多摩東部
36%
東京都 東京都多摩西部
36%
愛媛県 愛媛県東予
36%
愛媛県 愛媛県西予
35%
山形県 山形県置賜
34%
東京都 三宅島
34%
福岡県 福岡県筑豊
33%
青森県 青森県三八上北
32%
愛媛県 愛媛県中予
32%
沖縄県 沖縄県大東島
31%
岩手県 岩手県内陸北部
30%
岩手県 岩手県内陸南部
30%
岩手県 岩手県沿岸北部
29%
岩手県 岩手県沿岸南部
29%
秋田県 秋田県内陸北部
28%
秋田県 秋田県内陸南部
28%
秋田県 秋田県沿岸北部
27%
秋田県 秋田県沿岸南部
27%
東京都 新島
26%
東京都 神津島
26%
岐阜県 岐阜県美濃東部
25%
青森県 青森県津軽北部
23%
青森県 青森県津軽南部
23%
沖縄県 沖縄県久米島
23%
山形県 山形県最上
22%
山形県 山形県村山
21%
沖縄県 沖縄県西表島
21%
熊本県 熊本県球磨
20%
沖縄県 沖縄県本島南部
20%
沖縄県 沖縄県本島北部
20%
山梨県 山梨県中・西部
19%
鹿児島県 鹿児島県奄美北部
17%
鹿児島県 鹿児島県奄美南部
17%
北海道 石狩地方北部
16%
北海道 石狩地方南部
16%
北海道 北海道奥尻島
15%
山梨県 山梨県東部・富士五湖
15%
岐阜県 岐阜県美濃中西部
15%
熊本県 熊本県天草・芦北
15%
北海道 石狩地方中部
14%
宮崎県 宮崎県北部山沿い
14%
宮崎県 宮崎県南部山沿い
14%
北海道 胆振地方西部
13%
北海道 宗谷地方北部
13%
北海道 宗谷地方南部
13%
北海道 北見地方
13%
北海道 十勝地方北部
13%
北海道 十勝地方南部
13%
北海道 渡島地方東部
12%
北海道 渡島地方西部
12%
北海道 十勝地方中部
12%
鹿児島県 鹿児島県甑島
12%
北海道 空知地方北部
11%
北海道 空知地方中部
11%
北海道 空知地方南部
11%
北海道 渡島地方北部
11%
北海道 檜山地方
11%
北海道 日高地方西部
11%
北海道 日高地方中部
11%
北海道 日高地方東部
11%
北海道 上川地方北部
11%
北海道 上川地方中部
11%
北海道 上川地方南部
11%
北海道 北海道利尻礼文
11%
北海道 紋別地方
11%
北海道 根室地方北部
11%
北海道 根室地方南部
11%
長崎県 長崎県島原半島
11%
鹿児島県 鹿児島県十島村
11%
北海道 後志地方東部
10%
北海道 後志地方西部
10%
北海道 胆振地方中東部
10%
北海道 留萌地方南部
10%
北海道 網走地方
10%
北海道 釧路地方北部
10%
北海道 根室地方中部
10%
宮崎県 宮崎県北部平野部
10%
宮崎県 宮崎県南部平野部
10%
北海道 釧路地方中南部
9%
北海道 後志地方北部
8%
北海道 留萌地方中北部
6%
No matching quizzes found
Score Distribution
Percent of People with Each Score
Percentile by Number Answered
Your Score History
You have not taken this quiz